<?xml version="1.0" encoding="UTF-8"?>
<collection xmlns="http://www.loc.gov/MARC21/slim">
<record>
  <controlfield tag="001">106682</controlfield>
  <controlfield tag="005">20210820095808.0</controlfield>
  <datafield tag="024" ind1="7" ind2=" ">
    <subfield code="2">doi</subfield>
    <subfield code="a">10.14201/hedu201635321334</subfield>
  </datafield>
  <datafield tag="024" ind1="8" ind2=" ">
    <subfield code="2">sideral</subfield>
    <subfield code="a">124639</subfield>
  </datafield>
  <datafield tag="037" ind1=" " ind2=" ">
    <subfield code="a">ART-2016-124639</subfield>
  </datafield>
  <datafield tag="041" ind1=" " ind2=" ">
    <subfield code="a">spa</subfield>
  </datafield>
  <datafield tag="100" ind1=" " ind2=" ">
    <subfield code="a">Mauri Medrano, M.</subfield>
    <subfield code="u">Universidad de Zaragoza</subfield>
    <subfield code="0">(orcid)0000-0003-3411-4930</subfield>
  </datafield>
  <datafield tag="245" ind1=" " ind2=" ">
    <subfield code="a">Frente de juventudes y escuela: la construcción del imaginario social de la juventud durante el franquismo (1940-1960)</subfield>
  </datafield>
  <datafield tag="260" ind1=" " ind2=" ">
    <subfield code="c">2016</subfield>
  </datafield>
  <datafield tag="520" ind1="3" ind2=" ">
    <subfield code="a">Este texto tiene como propósito fundamental analizar cómo los imaginarios sociales constituyen esquemas interpretativos de la realidad, socialmente legitimados y comprometidos con los grupos hegemónicos. Durante el franquismo, las políticas educativas que se llevaron a cabo tenían como objetivo inculcar unos valores y unos conocimientos concretos que buscaban un adoctrinamiento de la infancia. Este estudio pretende comprender cómo se pusieron en marcha una serie de mecanismos en torno a la juventud, dentro y fuera del ámbito escolar, que buscaban este objetivo. Queremos valorar la importancia que el régimen concedió a rituales, conmemoraciones, fiestas escolares, canciones, uniformes… como un medio para transmitir contenidos, valores e ideología.    This paper aims to analyze that the social imaginary are interpretations in reality, socially legitimized and committed to the hegemonic groups. During the francoism, the educational policies that were carried out had the aim to inculcate some  values  and  concrete  knowledge’s  that  looked  for  the  indoctrination  of  the  childhood.  This  study  tries  to  understand  how  the  series  of  mechanisms  were started, around the youth, inside and outside school wide, that looked for this aim. We would also like to highlight the importance given to rituals, commemorations, school  parties,  songs  and  school  uniforms,  by  the  political  regime,  as  means  to  transmit their ideology, knowledge, and values.</subfield>
  </datafield>
  <datafield tag="506" ind1="0" ind2=" ">
    <subfield code="a">Access copy available to the general public</subfield>
    <subfield code="f">Unrestricted</subfield>
  </datafield>
  <datafield tag="540" ind1=" " ind2=" ">
    <subfield code="9">info:eu-repo/semantics/openAccess</subfield>
    <subfield code="a">by-nc-nd</subfield>
    <subfield code="u">http://creativecommons.org/licenses/by-nc-nd/3.0/es/</subfield>
  </datafield>
  <datafield tag="655" ind1=" " ind2="4">
    <subfield code="a">info:eu-repo/semantics/article</subfield>
    <subfield code="v">info:eu-repo/semantics/publishedVersion</subfield>
  </datafield>
  <datafield tag="710" ind1="2" ind2=" ">
    <subfield code="1">4001</subfield>
    <subfield code="2">215</subfield>
    <subfield code="a">Universidad de Zaragoza</subfield>
    <subfield code="b">Dpto. Ciencias de la Educación</subfield>
    <subfield code="c">Área Didáctica y Organiz. Esc.</subfield>
  </datafield>
  <datafield tag="773" ind1=" " ind2=" ">
    <subfield code="g">35 (2016), 321-334</subfield>
    <subfield code="p">Hist. educ.</subfield>
    <subfield code="t">Historia de la educación</subfield>
    <subfield code="x">0212-0267</subfield>
  </datafield>
  <datafield tag="856" ind1="4" ind2=" ">
    <subfield code="s">186303</subfield>
    <subfield code="u">http://zaguan.unizar.es/record/106682/files/texto_completo.pdf</subfield>
    <subfield code="y">Versión publicada</subfield>
  </datafield>
  <datafield tag="856" ind1="4" ind2=" ">
    <subfield code="s">1265569</subfield>
    <subfield code="u">http://zaguan.unizar.es/record/106682/files/texto_completo.jpg?subformat=icon</subfield>
    <subfield code="x">icon</subfield>
    <subfield code="y">Versión publicada</subfield>
  </datafield>
  <datafield tag="909" ind1="C" ind2="O">
    <subfield code="o">oai:zaguan.unizar.es:106682</subfield>
    <subfield code="p">articulos</subfield>
    <subfield code="p">driver</subfield>
  </datafield>
  <datafield tag="951" ind1=" " ind2=" ">
    <subfield code="a">2021-08-20-08:40:23</subfield>
  </datafield>
  <datafield tag="980" ind1=" " ind2=" ">
    <subfield code="a">ARTICLE</subfield>
  </datafield>
</record>
</collection>